Statistics for Grunge Bands by Song

Click here to take the quiz!

General Stats

  • This quiz has been taken 899 times
  • The average score is 8 of 14

Answer Stats

HintAnswer% Correct
LithiumNirvana
99%
JeremyPearl Jam
95%
RoosterAlice in Chains
87%
SpoonmanSoundgarden
86%
PlushStone Temple Pilots
76%
Hunger StrikeTemple of the Dog
69%
Today*Smashing Pumpkins
59%
Touch Me I'm SickMudhoney
46%
TomorrowSilverchair
37%
Pretend We're DeadL7
34%
Dollar BillScreaming Trees
27%
HeartshineMother Love Bone
26%
LizzyThe Melvins
10%
Shotgun WeddingMalfunkshun
4%

Score Distribution

Percentile by Number Answered

Percent of People with Each Score

Your Score History

You have not taken this quiz